Statistics for Neighbouring Countries Starting With Same Letter

Click here to take the quiz!

General Stats

  • This quiz has been taken 48 times
    (38 since last reset)
  • The average score is 26 of 30

Answer Stats

ContinentAnswer% Correct
South AmericaBolivia
100%
South AmericaBrazil
100%
AsiaIran
100%
AsiaIraq
100%
AfricaNiger
94%
AfricaNigeria
94%
AfricaZambia
94%
AfricaZimbabwe
94%
AfricaEritrea
91%
AfricaEthiopia
91%
AfricaSouth Sudan
91%
AfricaSudan
91%
AfricaCentral African Republic
88%
AfricaChad
88%
AsiaKazakhstan
88%
EuropeLatvia
88%
EuropeLithuania
88%
AfricaMorocco
88%
AfricaCameroon
85%
AsiaKyrgyzstan
85%
AfricaMali
85%
AfricaMauritania
85%
AfricaBenin
82%
AfricaGuinea
82%
AfricaGuinea-Bissau
82%
AfricaBurkina Faso
79%
AfricaMalawi
79%
AfricaMozambique
79%
EuropeArmenia
67%
EuropeAzerbaijan
67%

Score Distribution

Percentile by Number Answered

Percent of People with Each Score

Your Score History

You have not taken this quiz since the last reset